Seleção Brasileira Eliminatórias Copa do Mundo 2018 - Statistics

Estatísticas Gerais
  • Esse quiz foi jogado 331 vezes
  • A pontuação média é 37 de 51
Estatísticas das Respostas
Posição Jogador Time % Correto
GOL Alisson Internacional / Roma / Liverpool
99%
GOL Cássio Corinthians
95%
ATA Neymar Barcelona / PSG
94%
GOL Ederson Benfica / Manchester City
93%
GOL Marcelo Grohe Grêmio
93%
ZAG Marquinhos PSG
93%
ZAG Thiago Silva PSG
93%
LAE Marcelo Real Madrid
90%
MEI Diego Flamengo
88%
ATA Gabriel Jesus Palmeiras / Manchester City
88%
GOL Diego Alves Valência
84%
LAD Fagner Corinthians
84%
MED Casemiro Real Madrid
83%
ZAG Miranda Internazionale
83%
LAE Alex Sandro Juventus
82%
LAD Danilo Real Madrid / Manchester City
82%
ATA Hulk Zenit
82%
GOL Jefferson Botafogo
82%
MED Renato Augusto Corinthians / Beijing Guoan
82%
GOL Weverton Athletico Paranaense
82%
LAD Dani Alves Barcelona / Juventus / PSG
81%
MED Fernandinho Machester City
81%
MED Paulinho Guangzhou Evergrande / Barcelona
81%
ATA Roberto Firmino Liverpool
80%
MEI Coutinho Liverpool
79%
LAE Filipe Luís Atlético de Madrid
78%
ZAG Gil Corinthians / Shandong Luneng
78%
LAD Rafinha Bayern
78%
MEI Kaká Orlando City
75%
ZAG David Luiz PSG
73%
ATA Douglas Costa Bayern
71%
MEI Oscar Chelsea
70%
ATA Diego Souza Sport Recife
69%
LAD Fabinho Mônaco
67%
ATA Taison Shakhtar Donetsk
66%
ATA Gabriel Barbosa Santos
65%
MEI Luan Grêmio
65%
MEI Lucas PSG
64%
MED Arthur Grêmio
63%
MED Luiz Gustavo Wolfsburg
63%
MEI Willian Chelsea
63%
ZAG Rodrigo Caio São Paulo
61%
GOL Alex Muralha Flamengo
60%
MED Fred Shakhtar Donetsk
58%
ZAG Jemerson Mônaco
49%
ATA Ricardo Oliveira Santos
46%
MEI Lucas Lima Santos
45%
MED Elias Corinthians
34%
ATA Diego Tardelli Shandong Luneng
31%
MEI Giuliano Zenit
28%
MED Rafael Carioca Atlético Mineiro
16%
Nenhum quiz correspondente encontrado
Distribuição das Pontuações
Porcentagem de Pessoas com Cada Pontuação
Percentil de Números Respondidos
Sua Pontuação Histórica
Você não jogou esse quiz